Voyage d'un naturaliste autour du monde (Record no. 48355)
[ view plain ]
| 000 -LEADER | |
|---|---|
| campo de control de longitud fija | 00736nam a22002055i 4500 |
| 001 - NÚMERO DE CONTROL | |
| campo de control | 48355 |
| 003 - IDENTIFICADOR DE NÚMERO DE CONTROL | |
| campo de control | ES-MaACL |
| 005 - FECHA Y HORA DE LA ÚLTIMA TRANSACCIÓN | |
| campo de control | 20251003164705.0 |
| 007 - CAMPO FIJO DE DESCRIPCIÓN FÍSICA--INFORMACIÓN GENERAL | |
| campo de control de longitud fija | t| |
| 008 - DATOS DE LONGITUD FIJA--INFORMACIÓN GENERAL | |
| campo de control de longitud fija | 950714s1875 fr ||||1| fre d |
| 040 ## - FUENTE DE CATALOGACIÓN | |
| Centro catalogador/agencia de origen | CAM |
| Lengua de catalogación | spa |
| Centro/agencia transcriptor | CAM |
| 100 1# - ENTRADA PRINCIPAL--NOMBRE DE PERSONA | |
| Nombre de persona | Darwin, Charles, |
| Fechas asociadas al nombre | 1809-1882 |
| 9 (RLIN) | 42770 |
| 245 10 - MENCIÓN DEL TÍTULO | |
| Título | Voyage d'un naturaliste autour du monde |
| Resto del título | : fait a bord du navire le Beagle de 1831 a 1836 / |
| Mención de responsabilidad, etc. | par Charles Darwin...; traduit de l'anglais par... Ed. Barbier. |
| 260 ## - PUBLICACIÓN, DISTRIBUCIÓN, ETC. | |
| Lugar de publicación, distribución, etc. | Paris : |
| Nombre del editor, distribuidor, etc. | C. Reinwald et Cie., |
| Fecha de publicación, distribución, etc. | 1875 ( |
| Fabricante | typographie A. Hennuyer) |
| 300 ## - DESCRIPCIÓN FÍSICA | |
| Extensión | [4], VIII, 552 p. ; |
| Dimensiones | 24 cm. |
| 700 1# - ENTRADA AGREGADA--NOMBRE PERSONAL | |
| Nombre de persona | Barbier, Edmond, |
| Fechas asociadas al nombre | 1834?-1880 |
| 9 (RLIN) | 25450 |
| 852 ## - LOCALIZACIÓN | |
| Ubicación | ES-MaACL |
| Número de control de estantería | D-4503 |
| 852 ## - LOCALIZACIÓN | |
| Ubicación | ES-MaACL |
| Número de control de estantería | B-1656 |
| Estatus retirado | Estado de pérdida | Estado de daño | No para préstamo | Colección | Biblioteca de origen | Biblioteca actual | Ubicación en estantería | Fecha de adquisición | Fuente de adquisición | Total de préstamos | Signatura topográfica completa | Código de barras | Visto por última vez | Precio de reemplazo | Tipo de ítem Koha |
|---|---|---|---|---|---|---|---|---|---|---|---|---|---|---|---|
| Libros del s. XIX | Biblioteca del Ateneo de Madrid | Biblioteca del Ateneo de Madrid | Sala Pardo Bazán | 17/01/2008 | B-1656 | 1050890 | 23/02/2023 | 23/02/2023 | Libro impreso antiguo | ||||||
| Libros del s. XIX | Biblioteca del Ateneo de Madrid | Biblioteca del Ateneo de Madrid | Sala Valle Inclán | 17/01/2008 | D-4503 | 901050889 | 23/02/2023 | 23/02/2023 | Libro impreso antiguo |
